000 02509nam a2200277 i 4500
001 000029562
003 DO-SdBNP
005 20260212081300.0
007 ta
008 110418s1994 dr 000 0 spa d
040 _aDO-SdBNP
_bspa
_cBNPHU
_erda
041 1 7 _aspa
_heng
082 4 _a972.9304
_bI38na
_222
245 0 3 _aLa Independencia Nacional : su proceso ... = National Independence : its process ... /
246 _aNational Independence : its process ...
264 1 _aSanto Domingo :
_bBanco Central de la República Dominicana,
_c1994.
300 _a79 páginas :
_bilustraciones, retratos ;
_c31 cm.
336 _atexto
_btxt
_2rdacontent
337 _asinmediación
_bn
_2rdamedia
338 _avolumen
_bnc
_2rdacarrier
505 _aLa intelección de la idea de la independencia nacional 9 -- La independencia efímera 1821 10 -- La ocupación haitiana 1822-1844 12 -- Juan Pablo Duarte y Diez, fundador de la República 14 -- Los trinitarios 16 -- La fundación de la Trinitaria. 1938. El juramento trinitario 18 -- Francisco Sánchez del Rosario, padre de la patria 22 -- Matías Ramón Mella del Rosario, padre de la patria 24 -- La dramática 26 -- La filantrópico 28 -- La manifestación del 16 de enero. 1944 30 -- La primera bandera dominicana 32 -- El trabucazo 34 -- La proclamación de la independencia. 27 de febrero de 1844 36 -- Cronología de gobierno y gobernantes de la República Dominicana, 1844-1874 39 -- La guerra dominico-haitiana. 1844-1856. Batallas Ganadas y Héroes destacados 42 -- El regreso de Duarte 15 de marzo de 1844 44 -- La batalla de Azua. 19 de marzo de 1844 46 -- La batalla de Santiago. 30 de marzo de 1844 48 -- La batalla de Tortuguero. Abril de 1844 50 -- El primer congreso constituyente 52 -- La constitución de San Cristóbal. 6 de noviembre de 1844 54 -- La idea de protectorado 56 -- La anexión a España. 18 de marzo de 1861 58 -- El gobierno de anexión. 1861-1863 60 -- El martirio de Sánchez. 4 de julio de 1861 62 -- Causas de la restauración. 1863 64 -- La restauración como guerra social. 1863-1865 68 -- El gobierno restaurador. 1863 66 -- El gobierno restaurador. 1863 70 -- Los héroes de la restauración 72 -- Buenaventura Báez 74 -- La comisión norteamericana. 1871 -- El proyecto de anexión a Estados Unidos. 1871 78
590 _aInventariado, 2022/BT
650 4 _aRepública Dominicana
_xHistoria
_yIndependencia efímera, 1821
_988898
910 _aBtavárez/ Validado. Control de calidad/MAA
942 _2ddc
_cLBS1
999 _c29054
_d29054